000 00208nam a22000857a 4500
008 170301b xxu||||| |||| 00| 0 eng d
100 _92974
_aElliott.J
245 _aOxfrd Dictionary
260 _aNew Delhi
_bPB
_c2009
999 _c6219
_d6219